000
00256nam a2200097Ia 4500
082
_a
ETF NATI
245
0
_a
E.T., the extra-terrestrial
100
_a
NATION, Michael Harlow, 2002
_9
78272
942
_c
BK
008
210817s9999 xx 000 0 und d
999
_c
270171
_d
270170